Neľutujem, že som milovala životopisný román o Jánovi Chalupkovi a Babette von Wieland

Bibliographic Details
Main Author: Baráthová, Nora, 1944- (Author)
Format: Book
Language:Slovak
PhysicalDescription:167 strán 21 cm
Published: Liptovský Mikuláš Tranoscius 2021
ISBN:9788071405801
Edition:Prvé vydanie
Series:Osobnosti
Subjects:

MARC

LEADER 00000cam a2200000 4500
001 vtls012075323
003 SK-MaSNL
005 20260301150637.0
008 211027s2021 xo grh 000 fbslo
015 |a SNBA2022/05 
020 |a 9788071405801  |q (viazané) 
040 |a SNK  |b slo  |c SNK  |e rda 
041 0 |a slo 
044 |a xo  |c SK 
072 7 |a 821.162.4-3  |x Slovenská próza  |2 konspekt 
072 7 |a 929  |x Biografie  |2 konspekt 
080 |a 821-312.6  |2 2011 
080 |a (0:82-312.6)  |2 2011 
080 |a 821.162.4-31  |2 2011 
100 1 |a Baráthová, Nora,  |d 1944-  |4 aut  |9 163499 
245 1 0 |a Neľutujem, že som milovala  |b životopisný román o Jánovi Chalupkovi a Babette von Wieland  |c Nora Baráthová 
250 |a Prvé vydanie 
264 1 |a Liptovský Mikuláš  |b Tranoscius  |c 2021 
300 |a 167 strán  |c 21 cm 
336 |a text  |b txt  |2 rdacontent 
337 |a bez média  |b n  |2 rdamedia 
338 |a zväzok  |b nc  |2 rdacarrier 
490 1 |a Osobnosti 
500 |a Obálkový podnázov 
500 |a Celkovo druhé vydanie, vo vydavateľstve Tranoscius prvé 
600 1 7 |a Chalupka, Ján,  |d 1791-1871  |2 SNKMA  |9 108925 
600 1 7 |a Wielandová, Barbora Alžbeta,  |d 1799-1882  |2 SNKMA  |9 508165 
648 7 |a 19. storočie  |2 SNKPH  |9 277854 
655 7 |a biografické romány  |2 SNKPH  |9 1532 
655 7 |a Biographical novels  |2 SNKPHeng  |9 278552 
655 7 |a slovenské romány  |2 SNKPH  |9 70324 
655 7 |a Slovak fiction  |2 SNKPHeng  |9 277096 
830 0 |a Osobnosti  |9 299975 
919 |a 978-80-7140-580-1 
954 |a beletria pôvodná (slovenská)  |2 lita 
958 |a BX 
958 |a LX 
999 |c 784162  |d 786092 
952 |a SNK  |b SNK  |y PREZ  |7 0  |p 17A1467716  |o snkSC 195003  |i snk2021/16653  |8 0  |0 0  |1 0  |4 0  |d 2021-10-27  |f 1  |l 0  |r 2025-10-15 00:00:00  |w 2026-02-24 
952 |a SNK  |b SNK  |y VYP  |7 0  |p 17A1467717  |o snkSC 195003 D1  |i snk2021/16654  |8 0  |0 0  |1 0  |4 0  |d 2021-10-27  |l 0  |r 2026-02-24 01:15:11  |w 2026-02-24